000 01964cam a2200301 a 4500
999 _c1415
_d1415
001 348958
003 CoMeUDC
005 20210809172211.0
008 000406s1999 sp r 00010 spa d
020 _a9588081068
035 _aAGX5777 LA
040 _ala
_cla
041 0 _aspa
082 0 4 _a336.20
_bF515
100 1 _aFino Serrano, Guillermo.
245 1 0 _aElementos básicos de la tributación en Colombia /
_cGuillermo Fino Serrano, Rubén Vasco Martínez.
260 _aSantafé de Bogotá :
_bCentro Interamericano jurídico - financiero,
_c1999.
300 _a546 p. ;
_c24 cm.
504 _aIncluye bibliografía
505 _a1. Origen y evolución histórica de los tributos, 33 -- 2. Relación de las ciencias tributarias con otras ramas del derecho y otras ciencias, 91 -- 3. Principios de la tributación, 101 -- 4. Los sistemas tributarios, 119 -- 5. La relación estado - contribuyente, 131 -- 6. Fuentes del derecho tributario, 139 -- 7. Impuesto sobre la renta y complementarios, 149 -- 8. Impuesto sobre las ventas, 201 -- 9. Impuesto de timbre, 241 -- 10. Retención en la fuente, 251 -- 11. El impuesto del dos por mil, 279 -- 12. Bonos de solidaridad para la paz, 297 -- 13. Beneficios tributarios para la zona del eje cafetero, 309 -- 14. La administración tributaria y aduanera en Colombia, 335 -- 15. Análisis de la reforma tributaria ley 488 de 1998, 353 -- 16. Aspectos tributarios del plan nacional de desarrollo 1999-2002 "Cambio para construir la paz", 421 -- 17. Fiscalización y auditoria tributaria, 433 -- 18. Proceso administrativo de cobro y facilidades de pago, 505 -- 19. Ley de intervención económica y algunas cifras de la economía colombiana, 533.
650 _aImpuestos
_zColombia
650 0 _aPolítica tributaria
_zColombia
_91802
650 0 _aTributos
_91803
650 0 _aDerecho
_95
700 _aVasco Martínez, Rubén
_91804
730 0 _aCaldas-Bibliografa̕ regional.
942 _2ddc
_cBK